Top 30 des séries Netflix les plus populaires - Statistiques

Statistiques générales
  • Ce quiz a été pris 209 fois
  • Le résultat moyen est 9 sur 30
Statistiques - réponses
Top Séries % Correct
2 Stranger Things
77%
3 La Casa de Papel
76%
1 Squid Game
66%
8 Elite
55%
22 Breaking Bad
49%
12 You
42%
4 Mercredi
40%
19 Sex Education
38%
5 Lupin
34%
10 Outer Banks
34%
11 Bridgerton
32%
26 Riverdale
31%
7 Peaky Blinders
30%
20 Prison Break
30%
15 Ginny & Georgia
25%
17 The Witcher
25%
13 Narcos
23%
30 The Queen's Gambit
23%
14 Emily in Paris
22%
29 Vikings
21%
9 Black Mirror
18%
25 Orange Is the New Black
18%
28 Dark
14%
18 Alice in Borderland
12%
21 Arcane
8%
6 Dahmer
8%
27 Ozark
7%
24 Adolescence
6%
23 The Night Agent
2%
16 Cobrai Kai
0%
Aucun quiz correspondant
Distribution des résultats
% des personnes avec chaque résultat
Percentile par nombre de réponses
Votre historique - résultats
Vous n’avez pas pris ce quiz